Piłkarze którzy strzelili gola w finale mistrzostw świata - Statystyki

Ogólne statystyki
  • Ten quiz został rozwiązany 38 razy
  • Średni wynik to 28 z 83
Statystyki odpowiedzi
ROK KRAJ PIŁKARZ % Poprawnych
2022 Argentyna Lionel Messi
100%
2022 Argentyna Lionel Messi
100%
2022 Francja Kylian Mbappe
97%
2022 Francja Kylian Mbappe
97%
2022 Francja Kylian Mbappe
97%
2018 Francja Kylian Mbappe
97%
2002 Brazylia Ronaldo
97%
2002 Brazylia Ronaldo
97%
2006 Francja Zinedine Zidane
91%
1998 Francja Zinedine Zidane
91%
1998 Francja Zinedine Zidane
91%
2010 Hiszpania Andres iniesta
88%
1970 Brazylia Pele
88%
1958 Brazylia Pele
88%
1958 Brazylia Pele
88%
2014 Niemcy Mario Gotze
79%
1974 Niemcy Gerd Muller
71%
2022 Argentyna Angel Di Maria
68%
2018 Chorwacja (GS) Mario Mandzukic
68%
2018 Chorwacja Mario Mandzukic
68%
2018 Francja Paul Pogba
62%
2018 Francja Antoine Griezmann
59%
2018 Chorwacja Ivan Perisic
59%
2006 Włochy Marco Materazzi
59%
1954 Węgry Ferenc Puskas
44%
1982 Włochy Paolo Rossi
44%
1978 Argentyna Mario Alberto Kempes
35%
1978 Argentyna Mario Alberto Kempes
35%
1998 Francja Emmanuel Petit
26%
1966 Anglia Geoff Hurst
26%
1966 Anglia Geoff Hurst
26%
1966 Anglia Geoff Hurst
26%
1970 Brazylia Jairzinho
24%
1962 Brazylia Vava
24%
1958 Brazylia Vava
24%
1958 Brazylia Vava
24%
1990 Niemcy Andreas Brehme
18%
1970 Brazylia Carlos Alberto
18%
1986 Niemcy Karl-Heinz Rummenigge
18%
1986 Niemcy Rudolf Voller
18%
1954 Niemcy Helmut Rahn
15%
1954 Niemcy Helmut Rahn
15%
1974 Holandia Johan Neeskens
15%
1986 Argentyna Jorge Luis Burruchaga
15%
1958 Brazylia Mario Zagallo
15%
1982 Niemcy Paul Breitner
15%
1974 Niemcy Paul Breitner
15%
1982 Włochy Alessandro Altobelli
12%
1930 Argentyna Guillermo Stábile
12%
1986 Argentyna Jorge Valdano
12%
1986 Argentyna Jose Luis Brown
12%
1930 Urugwaj Jose Pedro Cea
12%
1966 Anglia Martin Peters
12%
1962 Brazylia Zito
12%
1950 Urugwaj Alcides Ghiggia
9%
1978 Argentyna Daniel Ricardo Bertoni
9%
1970 Brazylia Gerson
9%
1966 Niemcy Helmut Haller
9%
1962 Czechosłowacja Josef Masopust
9%
1950 Urugwaj Juan Alberto Schiaffino
9%
1982 Włochy Marco Tardelli
9%
1958 Szwecja Nils Liedholm
9%
1970 Włochy Roberto Boninsegna
9%
1938 Włochy Silvio Piola
9%
1938 Włochy Silvio Piola
9%
1966 Niemcy Wolfgang Weber
9%
1954 Węgry Zoltan Czibor
9%
1958 Szwecja Agne Simonsson
6%
1962 Brazylia Amarildo
6%
1934 Włochy Angelo Schiavio
6%
1934 Czechosłowacja Antonin Puc
6%
1930 Argentyna Carlos Peucelle
6%
1978 Holandia Dick Nanninga
6%
1950 Brazylia Friaca
6%
1938 Włochy Gino Colaussi
6%
1938 Włochy Gino Colaussi
6%
1938 Węgry Gyorgy Sarosi
6%
1930 Urugwaj Hector Castro
6%
1954 Niemcy Max Morlock
6%
1930 Urugwaj Pablo Dorado
6%
1938 Węgry Pal Titkos
6%
1934 Włochy Raimundo Orsi
6%
1930 Urugwaj Santos Iriarte
6%
Nie znaleziono quizów pasujących do podanych kryteriów
Rozkład punktacji
Procent ludzi z każdym wynikiem
Percentyl według liczby udzielonych odpowiedzi
Twoja historia wyników
Nie rozwiązałeś tego quizu